Franco Menichelli : l'imperatore del Giappone : un ginnasta romano sul tetto dell'Olimpo: storia, aneddoti e quant'altro a 40 anni dalla conquista delle tre medaglie olimpiche di Tokio '64 /

Guardado en:
Detalles Bibliográficos
Autor principal: Pasquali, Federico (Autor)
Formato: Libro
Lenguaje:italiano
Publicado: °Roma! : R. Viola, °2004!
Colección:Racconti di sport di Roma e del Lazio ; 2
Etiquetas: Agregar Etiqueta
Sin Etiquetas, Sea el primero en etiquetar este registro!

MARC

LEADER 00000nam a22000007i 4500
001 IT\ICCU\BVE\0380965
003 ItRI
005 20240130192223.0
008 050608s2004 it |||||| ||||| |||||c
040 |b ita  |c GP 
041 7 |a ita  |2 ISO-639-2 
100 1 |a Pasquali, Federico  |0 IT\ICCU\BVEV\126831  |4 aut 
245 1 0 |a Franco Menichelli :  |b l'imperatore del Giappone : un ginnasta romano sul tetto dell'Olimpo: storia, aneddoti e quant'altro a 40 anni dalla conquista delle tre medaglie olimpiche di Tokio '64 /  |c Federico Pasquali. 
246 1 3 |a Franco Menichelli: l'imperatore del Giappone. 
260 |a °Roma! :  |b R. Viola,  |c °2004! 
300 |a 104 p. :  |b ill. ;  |c 24 cm. 
830 0 |a Racconti di sport di Roma e del Lazio ;  |v 2  |0 IT\ICCU\BVE\0380966 
942 |2 ddc  |c BK 
952 |0 0  |1 0  |2 ddc  |4 0  |6 796_400000000000000_PAS  |7 1  |9 573  |a RM  |b RM  |d 2024-01-30  |l 0  |o 796.4 PAS  |p 70  |r 2024-01-30 19:22:51  |w 2024-01-30  |y BK 
981 1 |6 z01  |a i   |b xxxe  
982 1 |6 z01  |a n 
999 |c 510  |d 510